Normal view
MARC view
- ضريبة الدخل -- قوانين و تشريعات -- الاردن
Entry Topical Term
001 - CONTROL NUMBER
- control field: 10203
003 - CONTROL NUMBER IDENTIFIER
- control field: JO-AjAnu
005 - DATE AND TIME OF LATEST TRANSACTION
- control field: 20230606071935.0
008 - FIXED-LENGTH DATA ELEMENTS
- fixed length control field: 230606|| aca||aabn | a|a d
040 ## - CATALOGING SOURCE
- Original cataloging agency: JO-AjAnu
- Transcribing agency: JO-AjAnu
150 ## - HEADING--TOPICAL TERM
- Topical term or geographic name entry element: ضريبة الدخل -- قوانين و تشريعات -- الاردن
670 ## - SOURCE DATA FOUND
- Source citation: Work cat.: (JO-AjAnu)5255: وزارة المالية دائرة ضريبة الدخل, author 10202, قانون ضريبة الدخل قانون رقم ( 57 ) لسنة 1985